000 00894nam a22002295i 4500
001 54418
003 ES-MaACL
005 20250811215043.0
007 t|
008 960723m18591867fr ||||1| fre d
040 _aCAM
_bspa
_cCAM
245 0 0 _aMonuments d'architecture, de sculpture et de peinture de l'Allemagne depuis l'établissement du christianisme jusqu'aux temps modernes /
_cpubliés par Ernest Förster ; traduit de l'allemand [par W. et E. de Suckau].
260 _aParis :
_bA. Morel et Cie.,
_c1859-1867 (
_fImprimerie de J. Claye)
300 _a8 v. ;
_c36 cm.
505 8 _aContiene: Architecture (4 v.) -- Peinture (2 v.) -- Sculpture (2 v.)
650 7 _aArte alemán
_2embne
_910153
700 1 _aForster, Ernest.
_951822
700 1 _aSuckau, Wilhelm de.
_9108710
700 1 _aSuckau, Edouard de.
_9108709
852 _aES-MaACL
_jC-1770-7
999 _c54418
_d54418